000 004450000a22001810004500
003 LK-CoMWRAF
008 230817t ||||| |||| 00| 0 eng d
020 _a9679963586
040 _aLK-CoMWRAF
_dLK-CoMWRAF
_eLK-CoMWRAF
041 _aeng
082 _a150
_bRAH
100 _aRahman, Abdur
245 _aThe Cardinal Principles of Islam
_b
250 _a2nd. ed
260 _aKuala Lampur
_bNoordeen A.S
_c1992
300 _ap.224
942 _cBK
999 _c383
_d383